000 00332nam a2200133Ia 4500
008 190216s9999||||xx |||||||||||||| ||und||
100 _aSankaran S
245 0 _aIndian Economy Problems Policies And Development
250 _a25th Ed.
260 _bMargham Publications
_c1999
300 _a55
650 _aEconomics
942 _cBK
999 _c10445
_d10445